Εκτίμηση ασφαλίστρου στην Ελληνική ασφαλιστική αγορά φορτηγών και μηχανών μέσω γενικευμένων γραμμικών μοντέλων : μεταπτυχιακή διατριβή
Ο σκοπός της διπλωματικής εργασίας είναι η εκτίμηση του καθαρού ασφαλίστρου για μηχανές και φορτηγά χρησιμοποιώντας τα γενικευμένα γραμμικά μοντέλα (generalized linear models). Με την ανάλυση των γγμ η μεταβλητότητα της μεταβλητής που εξετάζουμε, επεξηγείτε από τις αλλαγές στην μεταβλητότητα μιας ή...
Saved in:
| Main Author: | |
|---|---|
| Corporate Author: | |
| Format: | Thesis Book |
| Language: | Greek |
| Published: |
2010.
|
| Subjects: | |
| Online Access: | http://hdl.handle.net/11610/15569 |
| Tags: |
Add Tag
No Tags, Be the first to tag this record!
|
MARC
| LEADER | 00000cam a2200000 i 4500 | ||
|---|---|---|---|
| 001 | 1/11044 | ||
| 008 | 101126s2010 gr | ||| |||| ||gre|| | ||
| 035 | |l 10109260 | ||
| 040 | |a GR-MyUA |b gre |e AACR2 | ||
| 041 | 0 | |a gre | |
| 082 | 0 | |a 368.092 |2 (22) | |
| 100 | 1 | |a Παπαδόπουλος, Χρήστος Α. | |
| 245 | 1 | 0 | |a Εκτίμηση ασφαλίστρου στην Ελληνική ασφαλιστική αγορά φορτηγών και μηχανών μέσω γενικευμένων γραμμικών μοντέλων : |b μεταπτυχιακή διατριβή / |c του Χρήστου Παπαδόπουλου ; επιβλέπων καθηγητής Πέτρος Χατζόπουλος. |
| 260 | |c 2010. | ||
| 300 | |a 112 σ. : |b σχέδια, διαγρ., πιν. ; |c 30 εκ. | ||
| 500 | |a Μέλη της εξεταστικής επιτροπής: Χατζόπουλος Πέτρος, Νικολέρης Θεόδωρος, Τσιμήκας Τζών. | ||
| 502 | |a Διατριβή (μεταπτυχιακή) – Πανεπιστήμιο Αιγαίου, Σάμος, 2010. | ||
| 504 | |a Βιβλιογραφία: σ. 112. | ||
| 506 | 0 | |a Διάθεση πλήρους κειμένου - Ελεύθερη πρόσβαση. | |
| 520 | |a Ο σκοπός της διπλωματικής εργασίας είναι η εκτίμηση του καθαρού ασφαλίστρου για μηχανές και φορτηγά χρησιμοποιώντας τα γενικευμένα γραμμικά μοντέλα (generalized linear models). Με την ανάλυση των γγμ η μεταβλητότητα της μεταβλητής που εξετάζουμε, επεξηγείτε από τις αλλαγές στην μεταβλητότητα μιας ή περισσότερων διαφορετικών μεταβλητών. Ένα ασφαλιστήριο συμβόλαιο προστατεύει τον κάτοχο του από κάποιους συγκεκριμένους κινδύνους. Το ασφάλιστρο είναι η τιμή που ασφαλίζει τον συγκεκριμένο κίνδυνο για μία συγκεκριμένη περίοδο. Μία σημαντική αποστολή των αναλογιστών είναι να τιμολογήσουν το ασφάλιστρο κατά κλάσεις, έτσι ώστε να υπάρχει διαφοροποίηση σε διάφορα γκρουπ (group) πελατων. | ||
| 610 | 2 | 0 | |a University of the Aegean |x Dissertations. |
| 650 | 0 | 0 | |a Automobile insurance |z Greece. |
| 650 | 0 | 0 | |a Linear models (Statistics) |
| 650 | 0 | 0 | |a Dissertations, Academic |z Greece. |
| 700 | 1 | |a Χατζόπουλος, Πέτρος Φ. |e dgs | |
| 710 | 2 | |a Πανεπιστήμιο Αιγαίου. |b Σχολή Θετικών Επιστημών. |b Τμήμα Στατιστικής και Αναλογιστικών-Χρηματοοικονομικών Μαθηματικών. |b Μεταπτυχιακό Πρόγραμμα Στατιστική και Αναλογιστικά - Χρηματοοικονομικά Μαθηματικά. | |
| 852 | |a INST |b SAMOS |c DIATR |e 20101126 |h 368.092 ΠΑΠ |p 005300033119 |q 005300033119 |t MTXE |y 23 | ||
| 852 | |a INST |b SAMOS |c DIATR |e 20101126 |h 368.092 ΠΑΠ |p 005300033120 |q 005300033120 |t MTXE |y 23 | ||
| 856 | |u http://hdl.handle.net/11610/15569 | ||
| 901 | |a BIBL3-2010-3 | ||
| 909 | |a Σ |b 166164 | ||
| 909 | |a Σ |b 166165 | ||
| 924 | |a ΠΑΠΑΔΟΠΟΥΛΟΣ |b ΧΡΗΣΤΟΣ |y Σάμος |z 2010-10 | ||
| 970 | |a ΚΟΣΙΕΡΗΣ |b ΧΡΗΣΤΟΣ |z 2010/11/26 | ||